000
00317nam a22001337a 4500
008
170802b xxu||||| |||| 00| 0 eng d
020
_a
0262081814
041
_a
eng
080
_a
004
100
_a
32
101
_a
SHKI
245
_a
CONSTRAINT SATISFACTION IN LOGIC PROGRAMMING
_c
HENTENRYCK, P.V
942
_2
udc
_c
BK
999
_c
22572
_d
22572